Представление документа в формате MARC21

Поле Инд. ПП Название Значение
Тип записи m
Библиографический уровень m
001 Контрольный номер 6af297839432403fb9491dd56eecf513
005 Дата корректировки 20220111161850.2
008 Кодируемые данные 191216|||||||||ru |||||||||||||||||rus||
040 a Служба первич. каталог. DE
b Код языка каталог. rus
e Правила каталог. PSBO
084 a Индекс другой классификации/Индекс ББК 32.97
203 a Вид содержания Текст
c Тип средства электронный
245 10 a Заглавие Информатика
c Ответственность Министерство науки и высшего образования Российской Федерации, Федеральное государственное бюджетное образовательное учреждение высшего образования, "Мурманский государственный технический университет", Кафедра автоматики и вычислительной техники ; составитель З. А. Бучкова
b Продолж. заглавия методические указания к выполнению контрольных работ для обучающихся технических специальностей очной формы обучения по дисциплине "Информатика"
h Физич. носитель Электронный ресурс
256 a Характеристики компьютерного файла Электрон. текстовые дан. (1 файл : 1,66 Мб)
260 a Место издания Мурманск
b Издательство МГТУ
c Дата издания 2019
521 0_ a Примеч. о целев. назн. Доступ из локальной сети Мурманского государственного технического университета. - Загл. с титул. экрана
a Примеч. о целев. назн. URL: https://elib.mauniver.ru/2019/M_19_174.pdf
583 x Служебное примечание Полнотекстовые документы
x Служебное примечание Труды преподавателей МГТУ
x Служебное примечание Без печатного варианта
z Открытое примечание Для студентов технических специальностей
653 0_ a Ключевые слова Методические указания
a Ключевые слова Контрольные работы
a Ключевые слова Двоичный код
a Ключевые слова Графические данные
a Ключевые слова Звуковые данные
a Ключевые слова Информатика
a Ключевые слова Машинная арифметика
a Ключевые слова Символьные данные
a Ключевые слова Текстовые данные
a Ключевые слова Труды преподавателей МГТУ
a Ключевые слова Электронные версии
700 12 a Другие авторы Бучкова З. А.
e Роль лиц Составитель
856 40 u URL https://elib.mauniver.ru/2019/M_19_174.pdf
901 t Тип документа m
952 c Вид литературы учебно-методическое издание